000 00569nam a2200241Ia 4500
003 OSt
005 20220918221231.0
006 a|||||r|||| 00| 0
007 ta
008 220917b |||||||| |||| 00| 0 eng d
024 _a148,883
037 _cTextual
040 _aARTS
_cARTS
_beng
041 _2eng
_aeng
082 _aT, J8
100 _aRaymond T
_9139661
245 0 _aModern education
_b its aims and methods
250 _a4th
260 _c1958
650 _aEDUCATION
942 _hT, J8
_cTEXL
_2CC
999 _c271558
_d271558